Si muere Duchamp

Gardado en:
Detalles Bibliográficos
Autor Principal: Arrieta Gutiérrez, Paula
Formato: Unknown
Idioma:inglés
Publicado: Santiago, Chile. Tiempo robado editoras, 2021
Subjects:
Tags: Engadir etiqueta
Sen Etiquetas, Sexa o primeiro en etiquetar este rexistro!

MARC

LEADER 00000 a2200000 4500
003 CL-VaPUC
005 20211007160653.0
008 210722b2021 ||||| |||| 00| 0 eng d
999 |c 433352  |d 433350 
020 |a 9789569364280 
040 |c Pontificia Universidad Católica de Valparaíso 
082 |a Ch864 ARR 2021 
100 |a Arrieta Gutiérrez, Paula   |9 862148 
245 |a Si muere Duchamp 
260 |a Santiago, Chile.   |b Tiempo robado editoras,  |c 2021 
300 |a 116 páginas  
583 |k Cristina Rojas  |c 20210722 
650 |a Literatura chilena  |v Ensayo  |9 862431 
650 |a Feminismo  |9 259085 
942 |2 ddc  |c BK 
952 |0 0  |1 0  |2 ddc  |4 0  |6 CH_864_000000000000000_ARR_2021  |7 0  |8 A  |9 578503  |a BIBART  |b BIBART  |d 2021-07-28  |e 135  |g 10000.00  |i 5586631  |l 1  |o Ch864 ARR 2021  |p 5586631  |r 2025-03-13  |s 2023-03-28  |t 1  |v 10000.00  |w 2021-07-28  |y BK  |k ART